| 000 | 00789nam a22002057a 4500 | ||
|---|---|---|---|
| 005 | 20110930150459.0 | ||
| 010 | _aG-001674 | ||
| 020 |
_a9788120745957 _c175.00 |
||
| 035 | 1 | d | _aG-001674 |
| 037 | _bGift | ||
| 082 | _a181.4 | ||
| 100 |
_aVaswani, J.P. _935123 |
||
| 245 |
_aNearer, my God, to thee!: _cby J.P. Vaswani _band other heart-to-heart talks / |
||
| 260 |
_aNew Delhi _bSterling Paperbacks _c2009 |
||
| 270 |
_aA-59, Okhla Industrial Area, Phase-II, _bNew Delhi _e110020 |
||
| 300 |
_a168p. _c24cm(pbk) |
||
| 942 |
_2ddc _cEN _h181.4 _mVAS |
||
| 999 |
_c57204 _d57204 |
||